01138 a2200181 4500003000500000005001700005010001600022020001500038040000900053082001700062100002900079245008600108260004100194300008200235505059600317650002400913700001900937NUST20221205145349.0 a 96069865 a1575765578 cNust00a070.5797,VIL1 aVillamil-Casanova, John.10aMultimedia--production, planning, and delivery /cJohn Villamil and Louis Molina. aIndianapolis, IN :bQue E&T,cc1997. ax, 148 p. :bcol. ill. ;c28 cm. +e1 computer laser optical disc (4 3/4 in.) aIntroduction (Page-1), The Production Of Multimedia Computer Based Applications(Page-5), Planning The Components Of A Multimedia Application (Page-17), Multimedia Application Planning , Costing , Proposal Preparation , And Financing (Page-33), Multimedia Production Legal Issues (Page-47), Preparing For Production (Page-61), Managing The Production Process (Page-79), Planning And Managing Content Acquisition (Page-89), Product Testing, Revision, And Documentation (Page-97), Packaging And Distributing A Multimedia Application (Page-109), Planning The Application Presentation (Page-123). 0aMultimedia systems.1 aMolina, Louis.